[Event "Barcelona Sant Marti op 11th"]
[Site "Barcelona"]
[Date "2024.02.22"]
[Round "7"]
[White "Escribano Rodriguez, Pedro"]
[Black "Gonzalez Pauner, Alfons"]
[Result "1/2-1/2"]
[WhiteElo "1779"]
[BlackElo "1637"]
[PlyCount "79"]
[EventDate "2024.01.11"]
[EventType "swiss"]
[EventRounds "9"]
[EventCountry "ESP"]
[SourceTitle "CB11_2024"]
[SourceDate "2024.03.13"]
[SourceVersion "1"]
[SourceVersionDate "2024.03.13"]
[SourceQuality "1"]

1. e4 c5 2. Nc3 Nc6 3. g3 d6 4. Bg2 Nf6 5. Nd5 e6 6. Nxf6+ Qxf6 7. d3 Be7 8. Nf3 Nd4 9. c3 Nxf3+ 10. Qxf3 Qxf3 11. Bxf3 0-0 12. Be3 Rb8 13. d4 b6 14. 0-0 Bb7 15. Bg2 d5 16. e5 c4 17. f4 b5 18. g4 a5 19. f5 Rfe8 20. Bf4 Rbc8 21. fxe6 fxe6 22. g5 g6 23. Bh3 Bf8 24. Bd2 Bg7 25. Rf2 Rc6 26. Raf1 Rf8 27. Bg4 Rxf2 28. Rxf2 Bc8 29. h4 Rb6 30. a3 Rb7 31. h5 Rf7 32. hxg6 hxg6 33. Re2 a4 34. Kg2 Bd7 35. Re1 Bf8 36. Rh1 Bg7 37. Bd1 Rf8 38. Bc2 Be8 39. Rh2 Kf7 40. Rh1 1/2-1/2

[Event "Barcelona Sant Marti op 11th"]
[Site "Barcelona"]
[Date "2024.02.01"]
[Round "4"]
[White "Gonzalez Pauner, Alfons"]
[Black "Poble Noguera, Ramon"]
[Result "1/2-1/2"]
[WhiteElo "1637"]
[BlackElo "1392"]
[PlyCount "105"]
[EventDate "2024.01.11"]
[EventType "swiss"]
[EventRounds "9"]
[EventCountry "ESP"]
[SourceTitle "CB11_2024"]
[SourceDate "2024.03.13"]
[SourceVersion "1"]
[SourceVersionDate "2024.03.13"]
[SourceQuality "1"]

1. d4 Nf6 2. Bf4 g6 3. Nc3 Bg7 4. e4 d6 5. Qd2 Nc6 6. 0-0-0 0-0 7. Bh6 e5 8. d5 Nd4 9. Bxg7 Kxg7 10. Nge2 Nxe2+ 11. Bxe2 a6 12. h4 h6 13. f3 Nh5 14. Qe1 Qf6 15. g3 b5 16. f4 exf4 17. Bxh5 gxh5 18. Rf1 f3 19. Rd3 Bg4 20. Nb1 Qe5 21. Nd2 Rfe8 22. Re3 Re7 23. Nxf3 Bxf3 24. Rexf3 Rf8 25. Rf4 Qd4 26. c3 Qc5 27. Rf6 b4 28. Qd2 Rh8 29. R6f3 Qc4 30. Qf2 Rf8 31. Re3 f6 32. b3 Qc5 33. c4 Qd4 34. Rd1 Qa1+ 35. Kd2 Qxa2+ 36. Ke1 Qxf2+ 37. Kxf2 Ra8 38. Ra1 Rf7 39. Re2 f5 40. e5 dxe5 41. Rxe5 f4 42. gxf4 Rxf4+ 43. Kg3 Rf7 44. Ra5 Raf8 45. Re3 Rf6 46. Rc5 Rg6+ 47. Kh3 Rf7 48. Rg3 Rxg3+ 49. Kxg3 Kf8 50. Rc6 Rg7+ 51. Kh3 Re7 52. Rf6+ Kg7 53. Rf3 1/2-1/2

[Event "Barcelona La Lira op 14th"]
[Site "Barcelona"]
[Date "2023.06.01"]
[Round "7"]
[White "Lozano Ruiz, David"]
[Black "Gonzalez Pauner, Alfons"]
[Result "0-1"]
[WhiteElo "1840"]
[BlackElo "1626"]
[PlyCount "106"]
[EventDate "2023.04.20"]
[EventType "swiss"]
[EventRounds "9"]
[EventCountry "ESP"]
[SourceTitle "EXT 2024"]
[Source "ChessBase"]
[SourceDate "2023.10.10"]
[SourceVersion "1"]
[SourceVersionDate "2023.10.10"]
[SourceQuality "1"]

1. d4 Nf6 2. c4 g6 3. Nc3 Bg7 4. e4 d6 5. f3 0-0 6. Be3 e5 7. Nge2 c6 8. Qd2 Re8 9. d5 Na6 10. dxc6 bxc6 11. Rd1 Bf8 12. g4 Nxg4 13. fxg4 Qh4+ 14. Bf2 Qxg4 15. h4 h5 16. Rg1 Qe6 17. Nc1 Bb7 18. Be2 Kh7 19. b3 Rad8 20. Bxa7 d5 21. cxd5 cxd5 22. exd5 Qh3 23. Bf2 Bb4 24. Nd3 Rxd5 25. Bf1 Qc8 26. Rc1 e4 27. Nxb4 Rxd2 28. Bxa6 Bxa6 29. Kxd2 Qd8+ 30. Kc2 Bd3+ 31. Kb2 Qd6 32. Nxd3 exd3 33. Rgd1 Qf6 34. Rd2 Re2 35. Rxe2 dxe2 36. Be1 g5 37. hxg5 Qxg5 38. Nxe2 Qg2 39. Rc2 Qf1 40. Bh4 Qh3 41. Bf6 Qf3 42. Be5 h4 43. Nc3 Kg6 44. a4 f5 45. Bh2 h3 46. Ne2 Kf6 47. Nf4 Kg5 48. Ka2 Qd1 49. Rb2 Qf3 50. a5 Qc3 51. b4 Qc4+ 52. Ka3 Qc3+ 53. Rb3 Qa1# 0-1

[Event "Barcelona La Lira op 14th"]
[Site "Barcelona"]
[Date "2023.05.25"]
[Round "6"]
[White "Gonzalez Pauner, Alfons"]
[Black "Palmero Castillo, Marcelino"]
[Result "1-0"]
[WhiteElo "1626"]
[BlackElo "1739"]
[PlyCount "53"]
[EventDate "2023.04.20"]
[EventType "swiss"]
[EventRounds "9"]
[EventCountry "ESP"]
[SourceTitle "EXT 2024"]
[Source "ChessBase"]
[SourceDate "2023.10.10"]
[SourceVersion "1"]
[SourceVersionDate "2023.10.10"]
[SourceQuality "1"]

1. d4 Nf6 2. Bf4 d5 3. e3 c5 4. c3 Qb6 5. Qb3 Nc6 6. Nf3 Bf5 7. dxc5 Qxb3 8. axb3 e6 9. b4 Be7 10. Be2 0-0 11. Nbd2 Nh5 12. 0-0 Nxf4 13. exf4 h6 14. b5 Nb8 15. b4 Bf6 16. Nd4 Bh7 17. N2f3 Nd7 18. c6 bxc6 19. bxc6 Nb6 20. Ba6 Be4 21. Ne5 g5 22. Bb7 gxf4 23. Nd7 Nxd7 24. Bxa8 Rxa8 25. cxd7 Bxd4 26. cxd4 a6 27. Rfc1 1-0

[Event "Barcelona La Lira op 12th"]
[Site "Barcelona"]
[Date "2019.05.30"]
[Round "8"]
[White "Gonzalez Pauner, Alfons"]
[Black "Segador Sanchez, Didac"]
[Result "1-0"]
[WhiteElo "1560"]
[BlackElo "1751"]
[PlyCount "83"]
[EventDate "2019.04.04"]
[EventType "swiss"]
[EventRounds "9"]
[EventCountry "ESP"]
[SourceTitle "CBM 190 Extra"]
[Source "ChessBase"]
[SourceDate "2019.07.15"]
[SourceVersion "1"]
[SourceVersionDate "2019.07.15"]
[SourceQuality "1"]

1. e4 c5 2. Nc3 Nc6 3. f4 d6 4. Bc4 a6 5. a4 Nf6 6. d3 Bg4 7. Qd2 Bd7 8. Nf3 e6 9. 0-0 Be7 10. f5 0-0 11. Qe1 exf5 12. exf5 Bxf5 13. Nh4 Bd7 14. Nf5 Bxf5 15. Rxf5 Nd4 16. Rf2 Ng4 17. Nd5 Bh4 18. g3 Nxf2 19. Qxf2 Bg5 20. c3 Nc6 21. Bxg5 Qxg5 22. Rf1 Ne5 23. h4 Qd8 24. Bb3 h5 25. d4 Ng4 26. Qf5 b5 27. Qxh5 Nh6 28. Bc2 f5 29. Qg6 Qe8 30. Qxd6 Rd8 31. Qxc5 Qd7 32. Ne7+ Kh7 33. Nxf5 g6 34. Qe7+ Qxe7 35. Nxe7 Rxf1+ 36. Kxf1 Rf8+ 37. Ke2 Nf5 38. Nxf5 gxf5 39. g4 Kg6 40. gxf5+ Kh5 41. Kf3 Kxh4 42. Kf4 1-0

[Event "Barcelona La Lira op 12th"]
[Site "Barcelona"]
[Date "2019.05.16"]
[Round "6"]
[White "Gonzalez Pauner, Alfons"]
[Black "Ramos Alvarez, Maximo"]
[Result "0-1"]
[WhiteElo "1560"]
[BlackElo "1817"]
[PlyCount "76"]
[EventDate "2019.04.04"]
[EventType "swiss"]
[EventRounds "9"]
[EventCountry "ESP"]
[SourceTitle "CBM 190 Extra"]
[Source "ChessBase"]
[SourceDate "2019.07.15"]
[SourceVersion "1"]
[SourceVersionDate "2019.07.15"]
[SourceQuality "1"]

1. e4 c5 2. Nf3 g6 3. d4 cxd4 4. Nxd4 Nc6 5. Be3 Nf6 6. f3 Bg7 7. Nc3 0-0 8. Qd2 d5 9. Nxc6 bxc6 10. exd5 cxd5 11. Bd4 Re8 12. Bb5 Bd7 13. Be5 e6 14. Qd4 Bxb5 15. Nxb5 Nh5 16. Bxg7 Nxg7 17. Nc3 Nf5 18. Qd3 Qh4+ 19. Kd2 Qg5+ 20. f4 Qxf4+ 21. Ke2 Qg4+ 22. Kf2 Qf4+ 23. Qf3 Qd2+ 24. Qe2 Qd4+ 25. Ke1 Rab8 26. Rd1 Qb4 27. Rb1 Qxc3+ 28. bxc3 Rxb1+ 29. Kd2 Rxh1 30. g4 Nd6 31. Qg2 Ra1 32. h4 Ne4+ 33. Kd3 Rc8 34. h5 Rxc3+ 35. Kd4 f6 36. Qe2 Rc4+ 37. Ke3 Rxa2 38. hxg6 Ra3+ 0-1

[Event "Barcelona La Lira op 12th"]
[Site "Barcelona"]
[Date "2019.05.02"]
[Round "4"]
[White "Gonzalez Pauner, Alfons"]
[Black "Repiso Alvarez, Jorge"]
[Result "0-1"]
[WhiteElo "1560"]
[BlackElo "1871"]
[PlyCount "52"]
[EventDate "2019.04.04"]
[EventType "swiss"]
[EventRounds "9"]
[EventCountry "ESP"]
[SourceTitle "CBM 190 Extra"]
[Source "ChessBase"]
[SourceDate "2019.07.15"]
[SourceVersion "1"]
[SourceVersionDate "2019.07.15"]
[SourceQuality "1"]

1. c4 Nf6 2. g3 g6 3. Bg2 Bg7 4. Nf3 0-0 5. 0-0 d5 6. cxd5 Nxd5 7. Nc3 c5 8. e4 Nb4 9. Ne1 N8c6 10. a3 Nd3 11. Nxd3 Qxd3 12. Qe2 Ne5 13. f4 Qxe2 14. Nxe2 Nd3 15. Rb1 Bg4 16. Bf3 Bxf3 17. Rxf3 Rfd8 18. Kf1 Nxc1 19. Nxc1 Rxd2 20. Nd3 c4 21. Ne5 Bxe5 22. fxe5 Rxh2 23. Kg1 Re2 24. Rbf1 Rf8 25. b3 Rxe4 26. bxc4 Rxe5 0-1

[Event "Foment Martinenc op-B 20th"]
[Site "Barcelona"]
[Date "2018.04.28"]
[Round "2"]
[White "Gonzalez Pauner, Alfons"]
[Black "Barroso Vilanova, Daniel"]
[Result "1-0"]
[WhiteElo "1675"]
[BlackElo "1549"]
[PlyCount "58"]
[EventDate "2018.04.21"]
[EventType "swiss"]
[EventRounds "9"]
[EventCountry "ESP"]
[SourceTitle "CBM 184 Extra"]
[Source "ChessBase"]
[SourceDate "2018.06.28"]
[SourceVersion "1"]
[SourceVersionDate "2018.06.28"]
[SourceQuality "1"]

1. e4 e5 2. Nf3 Nc6 3. Bc4 g6 4. c3 d6 5. d4 Qe7 6. 0-0 Bg7 7. Be3 Nf6 8. Nbd2 0-0 9. Qc2 Ng4 10. h3 Nxe3 11. fxe3 Bh6 12. Rae1 Kh8 13. Nb3 f5 14. exf5 Bxf5 15. e4 Bd7 16. Qe2 Rae8 17. a3 Bg7 18. d5 Nd8 19. Bd3 b6 20. Bb5 a5 21. Bxd7 Qxd7 22. Nc1 Bh6 23. Nd3 Re7 24. Qf2 Ref7 25. Qh4 Kg7 26. Nf2 Rf4 27. Ng4 Nf7 28. g3 Bg5 29. Nxg5 Nxg5 1-0

[Event "Foment Martinenc op-B 19st"]
[Site "Barcelona"]
[Date "2017.06.17"]
[Round "9.11"]
[White "Marques Soriano, Valentin"]
[Black "Gonzalez Pauner, Alfons"]
[Result "0-1"]
[WhiteElo "1807"]
[BlackElo "1831"]
[PlyCount "68"]
[EventDate "2017.04.22"]
[EventType "swiss"]
[EventRounds "9"]
[EventCountry "ESP"]
[SourceTitle "EXT 2024"]
[Source "ChessBase"]
[SourceDate "2023.10.10"]
[SourceVersion "1"]
[SourceVersionDate "2023.10.10"]
[SourceQuality "1"]

1. e4 c5 2. c3 Nc6 3. d4 cxd4 4. cxd4 d5 5. e5 Bf5 6. Nf3 e6 7. Bd2 Qb6 8. Bc3 Bb4 9. Be2 Nge7 10. 0-0 0-0 11. Nbd2 Rac8 12. Nb3 Be4 13. Ng5 Bg6 14. h4 h6 15. Nf3 Bxc3 16. bxc3 Qd8 17. Nc5 Na5 18. Nh2 b6 19. Na4 Nc4 20. h5 Bh7 21. Qc1 Nf5 22. Qf4 g6 23. hxg6 fxg6 24. Ng4 g5 25. Qh2 Kg7 26. g3 Qe8 27. Kg2 Qxa4 28. Rh1 Qc2 29. Nxh6 Rh8 30. Qh5 Bg6 31. Nxf5+ Qxf5 32. Qf3 Qxf3+ 33. Kxf3 Rxh1 34. Rxh1 Be4+ 0-1

[Event "Foment Martinenc op-B 19st"]
[Site "Barcelona"]
[Date "2017.05.13"]
[Round "4.20"]
[White "Gonzalez Pauner, Alfons"]
[Black "Perez Perez, Roberto"]
[Result "1-0"]
[WhiteElo "1831"]
[BlackElo "1707"]
[PlyCount "131"]
[EventDate "2017.04.22"]
[EventType "swiss"]
[EventRounds "9"]
[EventCountry "ESP"]
[SourceTitle "EXT 2024"]
[Source "ChessBase"]
[SourceDate "2023.10.10"]
[SourceVersion "1"]
[SourceVersionDate "2023.10.10"]
[SourceQuality "1"]

1. e4 c6 2. d4 d5 3. Nc3 Nf6 4. e5 Nfd7 5. f4 Nb6 6. Nf3 Bg4 7. Be2 f6 8. 0-0 Qc7 9. Nh4 Bxe2 10. Qxe2 h5 11. Ng6 Rh7 12. Nxf8 Kxf8 13. Qd3 Rh8 14. e6 Rh6 15. f5 Rh8 16. Bf4 Qd8 17. Rf3 Na6 18. a3 Nc7 19. Rh3 Qe8 20. Bxc7 Nc8 21. Na4 Nd6 22. Bxd6 exd6 23. Re1 Kg8 24. e7 Rc8 25. Qe3 Rc7 26. Qe6+ Kh7 27. Ree3 Kh6 28. Reg3 Rxe7 29. Rg6+ Qxg6 30. Qxe7 Qxf5 31. Qe3+ Kg6 32. Qd3 Qxd3 33. Rxd3 Re8 34. Kf2 Re7 35. Nc3 Kf7 36. Ne2 g5 37. Ng3 h4 38. Nf5 Rd7 39. g4 c5 40. Rb3 b6 41. Re3 c4 42. Ke2 b5 43. Kd2 a6 44. Kc3 a5 45. b3 Rd8 46. Re7+ Kf8 47. Re6 Kf7 48. Rxd6 Re8 49. Kd2 Re4 50. h3 cxb3 51. cxb3 Rf4 52. Rxd5 Rf3 53. Rxb5 Rxh3 54. d5 Rh2+ 55. Ke3 h3 56. Ng3 Rg2 57. Kf3 Rc2 58. Rb7+ Kg6 59. d6 Rc3+ 60. Kf2 Rc2+ 61. Ke1 Rc3 62. Nf1 Rc1+ 63. Kf2 f5 64. gxf5+ Kxf5 65. d7 Rd1 66. Ne3+ 1-0

[Event "Foment Martinenc op-B 19st"]
[Site "Barcelona"]
[Date "2017.04.22"]
[Round "1.16"]
[White "Garcia Punzano, Josep Lluis"]
[Black "Gonzalez Pauner, Alfons"]
[Result "1-0"]
[WhiteElo "1673"]
[BlackElo "1831"]
[PlyCount "69"]
[EventDate "2017.04.22"]
[EventType "swiss"]
[EventRounds "9"]
[EventCountry "ESP"]
[SourceTitle "EXT 2024"]
[Source "ChessBase"]
[SourceDate "2023.10.10"]
[SourceVersion "1"]
[SourceVersionDate "2023.10.10"]
[SourceQuality "1"]

1. d4 Nf6 2. c4 g6 3. Nc3 Bg7 4. e4 d6 5. Nf3 0-0 6. Be2 Nbd7 7. 0-0 e5 8. d5 a5 9. Ne1 Nc5 10. f3 Bd7 11. Be3 Na6 12. a3 Nh5 13. Qd2 f5 14. Bg5 Qc8 15. f4 Nxf4 16. Bxf4 exf4 17. Nd3 fxe4 18. Nxe4 Bd4+ 19. Kh1 Be3 20. Qc3 Qd8 21. b4 b6 22. c5 Qh4 23. Rad1 g5 24. Nf6+ Rxf6 25. Qxf6 Rf8 26. Qe7 Bf5 27. cxb6 cxb6 28. Qxd6 axb4 29. axb4 Kg7 30. Ne5 g4 31. Bxa6 g3 32. Nf3 Qh5 33. Qe5+ Kg8 34. d6 Re8 35. Bc4+ 1-0

[Event "Foment Martinenc op-C 18th"]
[Site "Barcelona"]
[Date "2016.06.11"]
[Round "8"]
[White "Martinez Sanchez, Francesc"]
[Black "Gonzalez Pauner, Alfons"]
[Result "0-1"]
[WhiteElo "1742"]
[BlackElo "1700"]
[PlyCount "62"]
[EventDate "2016.04.23"]
[EventType "swiss"]
[EventRounds "9"]
[EventCountry "ESP"]
[SourceTitle "EXT 2017"]
[Source "ChessBase"]
[SourceDate "2016.10.25"]
[SourceVersion "1"]
[SourceVersionDate "2016.10.25"]
[SourceQuality "1"]

1. d4 d5 2. e3 Nf6 3. Bd3 e6 4. Nd2 Be7 5. c3 0-0 6. f4 c5 7. Ngf3 Nbd7 8. 0-0 b6 9. Ne5 Bb7 10. Qf3 Rc8 11. Qh3 cxd4 12. exd4 Ne4 13. Qf3 f5 14. Qe2 Nxe5 15. fxe5 Bg5 16. Nf3 Bxc1 17. Raxc1 h6 18. Rc2 Rc7 19. Rfc1 g5 20. g3 Rg7 21. Qe1 f4 22. g4 Qe8 23. Rg2 h5 24. Bxe4 dxe4 25. Nd2 e3 26. Nf1 Bxg2 27. Kxg2 Qc6+ 28. Kg1 hxg4 29. Qe2 f3 30. d5 Qxd5 31. Nxe3 fxe2 0-1